000 00582nam a22001817a 4500
005 20251108171224.0
008 250721s1989 xx 000 0 ara d
082 1 4 _aم/413/جبر
100 1 _aمسعود، جبران
245 1 0 _aرائد الطلاب :
_bمعجم لغوي عصري للطلاب رتبت مفرادته لحروفها الأولى /
250 _aط9
264 1 _aبيروت :
_bدار العلم للملايين،
_c1989.
300 _a1001ص
650 1 7 _aاللغة العربية
650 1 7 _aالمعاجم
942 _2ddc
_cREF
999 _c59734
_d59734